000 00617nam a2200217 4500
001 000010665
005 20200929162251.0
008 701105s1970 nyu 001 0 eng
010 _a79116048
020 _a0030774756
040 _aDO-SdBNP
_cDLC
_dDLC
050 0 0 _aQA807
_b.F65 1970
100 1 _aFowles, Grant R.
_925838
245 1 0 _aAnalytical mechanics /
_c[by] Grant R. Fowles.
250 _a2d ed.
260 _aNew York, :
_bHolt, Rinehart and Winston,
_c[1970].
300 _ax, 363 p. ;
_c24 cm.
650 0 _aMechanics, analytic.
_925839
910 _aCatalogación derivada
082 0 0 _a531/.01/517
999 _c10420
_d10420